Torschützenliste Fußball-Europameisterschaft 2012 - Statistiken

Allgemein
  • Dieses Quiz wurde 30 mal gespielt
  • Das Durchschnittsergebnis liegt bei 7 aus 16
Antwortstatistiken
Tore Mannschaft Spieler % Korrekt
3 Spanien Fernando Torres
100%
3 Portugal Cristiano Ronaldo
92%
3 Deutschland Mario Gómez
85%
3 Italien Mario Balotelli
69%
3 Kroatien Mario Mandžukić
69%
2 Schweden Zlatan Ibrahimović
69%
2 Spanien David Silva
46%
2 Spanien Cesc Fàbregas
38%
2 Dänemark Nicklas Bendtner
35%
2 Spanien Xabi Alonso
31%
2 Dänemark Michael Krohn-Dehli
19%
2 Tschechische Republik Václav Pilař
19%
2 Tschechische Republik Petr Jiráček
15%
3 Russland Alan Dzagoev
12%
2 Ukraine Andrij Ševčenko
4%
2 Griechenland Dīmītrios Salpiggidīs
0%
Keine übereinstimmenden Quizze gefunden
Verteilung der Resultate
Anzahl Personen mit jedem Resultat
Perzentil nach korrekt beantworteten Fragen
Ihre Resultats-Entwicklung
Sie haben dieses Quiz noch nicht gespielt